|
|
|
|
| LEADER |
01630nam a2200445 4500 |
| 001 |
DLU060057367 |
| 005 |
##20061208 |
| 008 |
##001017s2000 dcua b 000 0 eng d |
| 010 |
# |
# |
|a 00110043
|
| 020 |
# |
# |
|a 1878071556
|
| 035 |
# |
# |
|a (DLC)12203260
|
| 040 |
# |
# |
|a DBI
|c DBI
|d *PZZ*
|d *VFY*
|d MH-KG
|d CStRLIN
|d DLC
|
| 042 |
# |
# |
|a lccopycat
|
| 050 |
# |
# |
|a RA1226
|b .M38 2000
|
| 082 |
# |
# |
|a 661.805
|b MC-A
|
| 100 |
# |
# |
|a McGinn, Anne Platt
|
| 245 |
# |
# |
|a Why poison ourselves? :
|b a precautionary approach to synthetic chemicals /
|c Anne Platt McGinn ; Chris Bright
|
| 260 |
# |
# |
|a Washington, DC :
|b Worldwatch Institute,
|c 2000
|
| 300 |
# |
# |
|a 92 p. :
|b ill. ;
|c 22 cm
|
| 440 |
# |
# |
|a Worldwatch paper ;
|v 153
|
| 500 |
# |
# |
|a "November 2000."
|
| 504 |
# |
# |
|a Includes bibliographical references (p. 73-92).
|
| 505 |
# |
# |
|a Introduction -- Toxics and the precautionary principle -- Pulp and paper : designing the toxic out of the system -- Pesticides: substituting knowledge for synthetics -- PVC : turning complex problems into multiple opportunities -- Leveraging change.
|
| 650 |
# |
# |
|a Chemical industry
|x Environmental aspects.
|
| 650 |
# |
# |
|a Environmental law, International.
|
| 650 |
# |
# |
|a Environmental toxicology.
|
| 650 |
# |
# |
|a Hazardous wastes
|x Law and legislation.
|
| 650 |
# |
# |
|a Organic compounds
|x Synthesis
|x Environmental aspects.
|
| 700 |
# |
# |
|a Bright, Chris.
|
| 710 |
# |
# |
|a Worldwatch Institute.
|
| 923 |
# |
# |
|a 30/2006
|
| 992 |
# |
# |
|a 5000
|
| 994 |
# |
# |
|a DLU
|
| 900 |
# |
# |
|a True
|
| 911 |
# |
# |
|a Đào Thị Thu Huyền
|
| 925 |
# |
# |
|a G
|
| 926 |
# |
# |
|a A
|
| 927 |
# |
# |
|a SH
|
| 980 |
# |
# |
|a Thư viện Trường Đại học Đà Lạt
|